Historia, vicisitudes y política tradicional de España respecto de sus posesiones en las costas de África (Record no. 10136)
[ view plain ]
| 000 -LEADER | |
|---|---|
| campo de control de longitud fija | 01248nam a2200325 i 4500 |
| 001 - NÚMERO DE CONTROL | |
| campo de control | 10136 |
| 003 - IDENTIFICADOR DE NÚMERO DE CONTROL | |
| campo de control | ES-MaACL |
| 005 - FECHA Y HORA DE LA ÚLTIMA TRANSACCIÓN | |
| campo de control | 20260219165327.0 |
| 007 - CAMPO FIJO DE DESCRIPCIÓN FÍSICA--INFORMACIÓN GENERAL | |
| campo de control de longitud fija | t| |
| 008 - DATOS DE LONGITUD FIJA--INFORMACIÓN GENERAL | |
| campo de control de longitud fija | 950310s1993 sp f |||| | spa d |
| 020 ## - NÚMERO INTERNACIONAL ESTÁNDAR DEL LIBRO | |
| Número Internacional Estándar del Libro | 84-87999-18-2 |
| 080 ## - NÚMERO DE LA CLASIFICACIÓN DECIMAL UNIVERSAL | |
| Número de la Clasificación Decimal Universal | 325.4(46:6)(09) |
| 080 ## - NÚMERO DE LA CLASIFICACIÓN DECIMAL UNIVERSAL | |
| Número de la Clasificación Decimal Universal | 9(61)"15/17" |
| 100 1# - ENTRADA PRINCIPAL--NOMBRE DE PERSONA | |
| Nombre de persona | Galindo y Vera, León, |
| Fechas asociadas al nombre | 1820-1889 |
| 9 (RLIN) | 53452 |
| 245 10 - MENCIÓN DEL TÍTULO | |
| Título | Historia, vicisitudes y política tradicional de España respecto de sus posesiones en las costas de África |
| Resto del título | : desde la monarquía gótica y en los tiempos posteriores a la restauración hasta el último siglo / |
| Mención de responsabilidad, etc. | León Galindo y Vera ; prólogo de Jesús F. Salafranca Ortega. |
| 246 34 - FORMA VARIANTE DEL TITULO | |
| Título propio/Titulo breve | Las posesiones hispano-africanas |
| 250 ## - MENCION DE EDICION | |
| Mención de edición | 2ª ed. |
| 260 ## - PUBLICACIÓN, DISTRIBUCIÓN, ETC. | |
| Lugar de publicación, distribución, etc. | Málaga : |
| Nombre del editor, distribuidor, etc. | Algazara, |
| Fecha de publicación, distribución, etc. | 1993. |
| 300 ## - DESCRIPCIÓN FÍSICA | |
| Extensión | XIII, 474 p. : |
| Otras características físicas | [36] p. de lám. ; |
| Dimensiones | 26 cm. |
| 490 1# - MENCIÓN DE SERIE | |
| Mención de serie | África propia ; |
| Designación de volumen o secuencia | 6 |
| 500 ## - NOTA GENERAL | |
| Nota general | Apéndice documental. |
| 595 ## - | |
| -- | Reimp. de la 1ª ed., 1884. |
| 651 #7 - PUNTO DE ACCESO ADICIONAL DE MATERIA--NOMBRE GEOGRÁFICO | |
| Nombre geográfico | España- |
| Subdivisión general | Colonias- |
| Subdivisión geográfica | África |
| Fuente del encabezamiento o término | |
| 9 (RLIN) | 172189 |
| 651 #4 - PUNTO DE ACCESO ADICIONAL DE MATERIA--NOMBRE GEOGRÁFICO | |
| Nombre geográfico | Magreb- |
| Subdivisión general | Historia. |
| 9 (RLIN) | 9086 |
| 700 1# - ENTRADA AGREGADA--NOMBRE PERSONAL | |
| Nombre de persona | Salafranca Ortega, Jesús F. |
| 9 (RLIN) | 101700 |
| 740 42 - ENTRADA AGREGADA--TÍTULO RELACIONADO/ANALÍTICO NO CONTROLADO | |
| Título relacionado o analítico no controlado | Las posesiones hispano-africanas. |
| 830 1# - PUNTO DE ACCESO ADICIONAL DE SERIE-TÍTULO UNIFORME | |
| Título uniforme | África propia ; |
| Designación de volumen o secuencia | 6 |
| 9 (RLIN) | 178639 |
| 852 ## - LOCALIZACIÓN | |
| Ubicación | ES-MaACL |
| Número de control de estantería | L-17671 |
| Estatus retirado | Estado de pérdida | Estado de daño | No para préstamo | Biblioteca de origen | Biblioteca actual | Ubicación en estantería | Fecha de adquisición | Fuente de adquisición | Total de préstamos | Signatura topográfica completa | Código de barras | Visto por última vez | Precio de reemplazo | Tipo de ítem Koha |
|---|---|---|---|---|---|---|---|---|---|---|---|---|---|---|
| Biblioteca del Ateneo de Madrid | Biblioteca del Ateneo de Madrid | Depósito 2 | 17/01/2008 | L-17671 | 1010345 | 23/02/2023 | 23/02/2023 | Libro impreso |
